|
|
|
|
| LEADER |
00000nam0a2200000 4500 |
| 001 |
91525 |
| 005 |
20231031104125.0 |
| 035 |
|
|
|a (RuTPU)RU\TPU\book\98113
|
| 090 |
|
|
|a 91525
|
| 100 |
|
|
|a 20060227d1985 km y0rusy50 ca
|
| 101 |
0 |
|
|a rus
|c eng
|
| 102 |
|
|
|a RU
|
| 105 |
|
|
|a a z 001zy
|
| 200 |
1 |
|
|a Порошковая металлургия титановых сплавов
|e сборник научных трудов
|f под ред. Ф. Х. Фроуса; Д. Е. Смугерески
|
| 210 |
|
|
|a Москва
|c Металлургия
|d 1985
|
| 215 |
|
|
|a 263 с.
|c ил.
|
| 300 |
|
|
|a Загл. указано на корешке
|
| 320 |
|
|
|a Библиогр.: с. 241-262.
|
| 610 |
1 |
|
|a титановые порошки
|
| 610 |
1 |
|
|a титановые сплавы
|
| 610 |
1 |
|
|a порошковая металлургия
|
| 610 |
1 |
|
|a детали
|
| 610 |
1 |
|
|a авиация
|
| 610 |
1 |
|
|a двигатели
|
| 610 |
1 |
|
|a крылатые ракеты
|
| 610 |
1 |
|
|a сборники
|
| 675 |
|
|
|a 621.762:669.
|v 3
|
| 702 |
|
1 |
|a Фроус
|b Ф. Х.
|4 340
|
| 702 |
|
1 |
|a Смугерески
|b Д. Е.
|4 340
|
| 801 |
|
1 |
|a RU
|b 63413507
|c 20060227
|g PSBO
|
| 801 |
|
2 |
|a RU
|b 63413507
|c 20150302
|g PSBO
|
| 942 |
|
|
|c BK
|